MDQL
is popping MORE tags! Check the
thread
!
Quizzes
Events
Quiz Creation
Community
Videos
Private Events
Remove Ads
Sign In
Join for FREE
Feedback
Dark Mode
Quiz Categories
Sports
Geography
Music
Movies
Television
Just For Fun
Miscellaneous
History
Literature
Language
Science
Gaming
Entertainment
Religion
Holiday
For Kids
Quiz Lab
Recent
Popular Today
Quiz Kudos Today
Editor Picks
Curator Picks
Quizzes by...
Day
Popularity
Type
Ratings
Length
Year
Community
Subscriptions
Recent Discussions
Orange Saloon
Badges
Playlists
Quests
Create
Leaderboards
Showdown
Live 5
Trivia Bingo
Activity
Puzzle Library
Sporcle Events
Private Events
Virtual Trivia
Globe League
Become a Host
Pub Owners
SporcleCon
Opinionation
Our Games
Videos
Blog
Mobile Apps
Partnerships
Remove Ads and Go Orange
Feedback
Miscellaneous
Crossword
General Knowledge
Baby Names
Logo
Food
Cars
Numbers
Grab Bag
University
College
Popular
Company
Slogans
Restaurants
Justice
Letter
Miscellaneous
Crossword
General Knowledge
Baby Names
Logo
Food
Cars
Numbers
Grab Bag
University
College
Popular
Company
Slogans
Restaurants
Justice
Letter
Random Quiz
Search Sporcle
×
Quiz Lab
Quiz Lab
Miscellaneous
Harry Potter
Type in answers that appear in a list
Type in answers that appear in a list
Classic
Best Score? Go Orange.
Harry Potter Foods and Beverages Stats
Can you name the Harry Potter Foods and Beverages?
By
amiasstar
10m
19 Questions
199 Plays
199 Plays
199 Plays
Comments
Comments
Give Quiz Kudos
Give Quiz Kudos
-
- Ratings
hide this ad
More Info
Forced Order
Answers have to be entered in order
Answers have to be entered in order
Replay
Link that replays current quiz
Next Quiz
Link to next quiz in quiz playlist
You Got
0%
They Got
Avg Score
47%
Avg Friend Score
Upgrade to see
Score Distribution
Jump to the score distribution portion of the page
Score
0/19
Timer
10:00
0
Plays Today
Description
Food/Beverage
% Correct
Wizards and witches can find this popular drink at Madam Rosmerta's pub.
Butterbeer
99.5%
This popular candy will hop out the window if you don't eat it quickly.
Chocolate Frogs
78.4%
This drink is made from Halloween decorations.
Pumpkin Juice
75.4%
Dumbledore finally gets an ear wax flavored _
_
_
_
_
_
_
_
_
_
_
while Harry is in the hospital wing after defeats Professor Quirrell.
Bertie Bott's Every Flavor Beans
69.8%
A pumpkin-
flavored candy that can be found on the trolley aboard the Hogwarts Express
Pumpkin Pasties
66.3%
This alcoholic beverage can cause a burning sensation in the throat, but is not allowed for wizards and witches under the age of 17.
Firewhiskey
57.8%
This candy is similar to a lollipop, but it will burn your tongue.
Acid Pops
51.8%
Despite the name, you can't brew a potion in this treat.
Cauldron Cakes
49.2%
This candy resembles a writing utensil.
Sugar Quills
48.7%
This beverage is probably made from Gillyweed.
Gillywater
44.7%
Description
Food/Beverage
% Correct
This is a variety of candy created by the Weasley twins. They will make you sick, allowing you to skip classes.
Skiving Snackboxes
41.7%
This candy, sold at Weasleys' Wizard Wheezes, will enlarge your tongue.
Ton-Tongue Toffee
40.7%
This candy looks like a peanut, but actually contains a creepy crawler.
Cockroach Clusters
32.7%
In the sixth Harry Potter book, Romilda Vane gave Harry this candy, but filled it with a love potion.
Chocolate Cauldrons
31.2%
Death Eaters might enjoy this candy sold at Weasleys' Wizard Wheezes.
Edible Dark Marks
30.2%
This candy can be found at Honeyduke's, and will literally lift you off the ground.
Fizzing Whizzbees
24.6%
Dumbledore keeps them in his office, but they have a 'BITE'.
Licorice Snaps
20.1%
Hagrid makes this treat very often.
Treacle Fudge
17.6%
This can be found at the Leaky Cauldron, and will eat you if you don't eat it.
Pea Soup
15.6%
Quiz Playlist
Details
Report
Send in Message
Add To Playlist
More Info:
See if you know the fine dining within the magical world of Harry Potter!
Classic:
Type in answers that appear in a list
Forced Order:
Answers have to be entered in order
Last Updated: Feb 16, 2017
Quiz Scoreboard
CHALLENGE
Sign Up to Join the Scoreboard
Show All
Scores
Hide
Comments
May contain spoilers
Recently Published
Two Season TV Shows II
by 123Four
Television
10m
Image Sorting: Flags VI
by Barbecue
Geography
2m
Find the 'City' Movie
by crazypaving
Movies
60s
More to Explore
Quiz From the Vault
Featured Blog Post
14 Easter Pick-up Lines to Find Eggs With
hide this ad
You Might Also Like...
Tags
Harry Potter Quiz
magical
muggle
Wizard
Today's Top Quizzes in Miscellaneous
Browse Miscellaneous
hide this ad
Today's Top Quizzes in Harry Potter
Browse Harry Potter
Top Contributed Quizzes in Miscellaneous
1
The JOE quick-fire general knowledge quiz: Day 174
2
5-to-1: Fast Food
3
9x9 Crossword: Disney Movie Titles
4
The JOE quick-fire general knowledge quiz: Day 173
5
9x9 Crossword: Charlie and the Chocolate Factory
6
9x9 Crossword: The Simpsons
7
9x9 Crossword: Flags
8
9x9 Crossword: 2022 Movies
9
9x9 Crossword: Actors
10
9x9 Crossword: Pixar Movie Titles
Explore More
Trending Topics
Disney
NBA
Marvel
Harry Potter
Anime
Crossword
Kpop
Soccer
Puzzle
Song
Country
NFL
The Office
Pokémon
WWE
hide this ad
More By:
amiasstar
Quiz
Plays
Rating
Category
Featured
Created
Harry Potter Currency Conversion
974
4.44
Literature
Mar 27, 2012
Katniss Everdeen Fun Facts
851
3.25
Literature
Mar 27, 2012
The Big Bang Theory Season 2 Characters
283
3.33
Television
Dec 21, 2011
Big Bang Theory Season 1 Characters
255
3.67
Television
Dec 19, 2011
Dumbledore's Office Passwords
213
4.00
Literature
Dec 20, 2011
Go to Creator's Profile
Score Distribution
Quiz Creator Spotlight
amiasstar
Follow
Send a Message
Quizzes Created
-
Created Quiz Play Count
-
More By This Creator
Popular Quizzes Today
1
Find the US States - No Outlines Minefield
2
Colored Red Africa Blitz
3
Find the 'City' Movie
4
5x2 Blitz: Bands
5
The Countries of the World
6
Find the Countries of Europe - No Outlines Minefield
7
Find the US States
8
US States
More Miscellaneous Quizzes
Let's Draw a Spy
Editor's Pick
Trending Quizzes
Colored Red Europe Blitz I
Colored Red Africa Blitz II
Colored Red Europe Blitz II
Colored Red Africa Blitz III
Colored Red Europe Blitz III
Recently Updated
How Do You Spell That?
pecheneg
Godzilla Movies
pecheneg
Grab Bag: 4-10 Letters
pecheneg
2024 March Madness Bracket
pecheneg
Famous TV Couples
Peacemaker
Champions League XIs: Real Madrid
pecheneg
Largest US Cities 1790-2010
pecheneg
Rides in Walt Disney World
pecheneg
Most Oscar Losses (Acting)
pecheneg
Beyoncé Albums
pecheneg
Trending Topics
Anime
Crossword
NBA
Kpop
Disney
Marvel
Harry Potter
Soccer
Country
Pokémon
Puzzle
The Office
WWE
NFL
Song
Your Account Isn't Verified!
In order to create a playlist on Sporcle, you need to verify the email address you used during registration. Go to your
Sporcle Settings
to finish the process.
Report this User
Report this user for behavior that violates our
Community Guidelines
.
Details:
Send Report
Go to the Sporcle.com Mobile Site →
Comments